[Event "Titled Tue 3rd Jan Late"]
[Site "chess.com INT"]
[Date "2025.06.03"]
[Round "9"]
[White "Bok, Benjamin"]
[Black "Naroditsky, Daniel"]
[Result "0-1"]
[WhiteTitle "GM"]
[BlackTitle "GM"]
[WhiteElo "2591"]
[BlackElo "2619"]
[WhiteFideId "1017063"]
[BlackFideId "2026961"]
[EventDate "2025.06.03"]

1. d4 Nf6 2. c4 g6 3. g3 Bg7 4. Bg2 d6 5. Nc3 O-O 6. Nf3 c6 7. e4 e5 8. O-O Bg4
9. Be3 exd4 10. Bxd4 c5 11. Be3 Nc6 12. h3 Bxf3 13. Bxf3 Nd7 14. Bg2 Nde5 15.
Qe2 Nd4 16. Bxd4 cxd4 17. Nd5 d3 18. Qd2 Nxc4 19. Qxd3 Nxb2 20. Qb3 b5 21. Rab1
Nc4 22. Rfd1 Qa5 23. Qxb5 Qxb5 24. Rxb5 Rab8 25. Rdb1 Rxb5 26. Rxb5 Re8 27. Rb7
a5 28. Bf1 Nd2 29. Bb5 Rd8 30. Bd3 Nf3+ 31. Kf1 Bd4 32. h4 Bc5 33. Ke2 Nd4+ 34.
Kf1 Nf3 35. Bc2 Kg7 36. a4 Rc8 37. Bd3 Bd4 38. Ke2 Ng1+ 39. Kf1 Nh3 40. f4 Nf2
41. Ke2 Rc1 42. Nc7 Kh6 43. Nb5 Bc5 44. Rxf7 Kh5 45. Rxh7+ Kg4 46. e5 Ra1 47.
Bxg6 Ra2+ 48. Ke1 Bb4+ 49. Kf1 Nh1 50. Bh5+ Kh3 51. Bf3 Rf2+ 52. Kg1 Rxf3 53.
Rg7 Bc5+ 0-1

[Event "Titled Tue 3rd Jan Late"]
[Site "chess.com INT"]
[Date "2025.06.03"]
[Round "9"]
[White "Bortnyk, Olexandr"]
[Black "Dubnevych, Maksym"]
[Result "1-0"]
[WhiteTitle "GM"]
[BlackTitle "FM"]
[WhiteElo "2601"]
[BlackElo "2292"]
[WhiteFideId "14120828"]
[BlackFideId "14184001"]
[EventDate "2025.06.03"]

1. d4 Nf6 2. Nc3 d5 3. Bf4 c5 4. e4 Nxe4 5. Nxe4 dxe4 6. dxc5 Qa5+ 7. c3 Qxc5 8.
Qa4+ Nc6 9. Qxe4 g6 10. Nf3 Bg7 11. Rd1 O-O 12. Be3 Qa5 13. Bc4 Bf5 14. Qh4 Ne5
15. Nxe5 Qxe5 16. O-O Rfd8 17. Rxd8+ Rxd8 18. Bxa7 Rd2 19. Bd4 Qc7 20. Bxg7 Kxg7
21. b4 Qe5 22. Qg3 Qxg3 23. hxg3 Rc2 24. Re1 Rxc3 25. Bb3 e6 26. f3 Bd3 27. Re5
b6 28. Kf2 Bc4 29. Bxc4 Rxc4 30. Rb5 Rc2+ 31. Kg1 Rxa2 32. Rxb6 Kf6 33. Rb7 Rb2
34. g4 h5 35. gxh5 gxh5 36. Kh2 Kg5 37. b5 Rb4 38. b6 Kg6 39. Rb8 e5 40. b7 Kg7
41. Kg3 h4+ 42. Kf2 Rb3 43. Ke2 Kf6 44. Kd2 Rb1 45. Kc2 Rb6 46. Kd3 Ke7 47. Ke4
Kf6 48. Kd5 Rb1 49. Kc6 Rc1+ 50. Kd7 Rd1+ 51. Ke8 Rb1 52. Kf8 Rb5 53. Kg8 Rb2
54. Kh7 Rb6 55. Kh6 Ke7+ 56. Kg5 1-0

[Event "Titled Tue 3rd Jan Late"]
[Site "chess.com INT"]
[Date "2025.06.03"]
[Round "9"]
[White "Albores, Pablo"]
[Black "Swara Lakshmi S Nair"]
[Result "1-0"]
[WhiteTitle "CM"]
[BlackTitle "WCM"]
[WhiteElo "2220"]
[BlackElo "2178"]
[WhiteFideId "105546"]
[BlackFideId "25629239"]
[EventDate "2025.06.03"]

1. c4 g6 2. Nc3 Nf6 3. g3 c6 4. Bg2 d5 5. Nf3 Bg7 6. O-O O-O 7. d3 d4 8. Na4
Nbd7 9. b4 e5 10. Rb1 b6 11. Ng5 Bb7 12. b5 Rc8 13. Ba3 Re8 14. Ne4 Nxe4 15.
Bxe4 Nf6 16. Bg2 Qd7 17. Qd2 cxb5 18. Rxb5 Bxg2 19. Kxg2 e4 20. Qf4 Nh5 21. Qd6
Qxd6 22. Bxd6 exd3 23. exd3 Re2 24. Rb2 Rce8 25. Rfb1 Nf6 26. c5 bxc5 27. Bxc5
Nd5 28. Bxa7 Nc3 29. Rxe2 Nxe2 30. Re1 Nf4+ 31. Kf1 Rxe1+ 32. Kxe1 Nxd3+ 33. Ke2
Nc1+ 34. Kd2 Nxa2 35. Kd3 Nc3 36. Nc5 Nb5 37. Bb6 f5 38. Nb3 Kf7 39. Nxd4 Nxd4
40. Bxd4 Bxd4 41. Kxd4 Ke6 42. f4 Kd6 43. Kc4 h6 44. h3 g5 45. h4 gxh4 46. gxh4
h5 47. Kd4 Ke6 48. Kc5 Kf6 49. Kd5 Kg6 50. Ke6 1-0

[Event "Titled Tue 3rd Jan Late"]
[Site "chess.com INT"]
[Date "2025.06.03"]
[Round "9"]
[White "Jumabayev, Rinat"]
[Black "Tatarinov, Dmitry"]
[Result "1-0"]
[WhiteTitle "GM"]
[BlackTitle "FM"]
[WhiteElo "2551"]
[BlackElo "2344"]
[WhiteFideId "13702661"]
[BlackFideId "24160067"]
[EventDate "2025.06.03"]

1. d4 Nf6 2. c4 g6 3. Nf3 Bg7 4. g3 O-O 5. Bg2 c6 6. O-O d5 7. Qb3 dxc4 8. Qxc4
Na6 9. Rd1 Bf5 10. e3 Ne4 11. Qe2 Nd6 12. Nc3 Ne4 13. Nh4 Nxc3 14. bxc3 Be6 15.
Rb1 Qc8 16. c4 Rd8 17. Ba3 Bf6 18. Nf3 Bh3 19. e4 Bxg2 20. Kxg2 e6 21. e5 Bg7
22. Bd6 b6 23. h4 Nc7 24. h5 Ne8 25. Be7 Rd7 26. Bg5 h6 27. Be3 g5 28. Qc2 b5
29. Bxg5 bxc4 30. Be3 Nc7 31. Qxc4 Nd5 32. Rdc1 Rb8 33. Rxb8 Qxb8 34. Bd2 Rc7
35. Qc2 Qb7 36. Rb1 Qa6 37. Nh2 c5 38. Rb8+ Rc8 39. Rxc8+ Qxc8 40. Qxc5 Qb7 41.
Nf3 Qb2 42. Qc8+ Kh7 43. Qd7 Qxa2 44. Qxf7 Qa6 45. Qg6+ Kg8 46. Bxh6 Qb7 47.
Bxg7 Qxg7 48. Qxe6+ Qf7 49. Qc8+ Kh7 50. Ng5+ 1-0

[Event "Titled Tue 3rd Jan Late"]
[Site "chess.com INT"]
[Date "2025.06.03"]
[Round "9"]
[White "Crispin Ferreras, Darvi Abraham"]
[Black "Escareno Rojas, Angel Salvador"]
[Result "1-0"]
[WhiteTitle "CM"]
[WhiteElo "2124"]
[BlackElo "1965"]
[WhiteFideId "6402771"]
[BlackFideId "5107733"]
[EventDate "2025.06.03"]

1. d4 Nf6 2. c4 e6 3. Nc3 d5 4. Bg5 Be7 5. Nf3 c6 6. e3 dxc4 7. Bxc4 b5 8. Bd3
Bb7 9. O-O O-O 10. e4 h6 11. Bxf6 Bxf6 12. e5 Be7 13. Ne4 Nd7 14. Rc1 a6 15. Qe2
Nb6 16. Nc5 Bc8 17. Qe4 g6 18. Qxc6 Ra7 19. Qe4 Nd5 20. Bb1 Kg7 21. Rfd1 b4 22.
Nd3 Bb7 23. Qe2 Ba8 24. Nd2 a5 25. Ne4 Qb6 26. Ndc5 f5 27. exf6+ Nxf6 28. Nxf6
Rxf6 29. Be4 Bxe4 30. Qxe4 Bxc5 31. dxc5 Qc7 32. Rd6 Qf7 33. f3 Rc7 34. c6 Qe7
35. Rcd1 Rf7 36. Qe5+ Qf6 37. Qxa5 Qxb2 38. Rxe6 Qc3 39. Qd5 Rf5 40. Rd6 Rxd5
41. R1xd5 Rxc6 42. Rd7+ Kf6 43. h4 Rd6 44. R7xd6+ Ke7 45. Rd7+ Ke6 46. Rd2 Ke5
47. R7d3 Ke6 48. Rxc3 bxc3 49. Rc2 Kd5 50. Rxc3 Kd4 51. Rc6 Kd5 52. Rxg6 Kc4 53.
h5 Kc3 54. g4 Kb2 55. a4 Ka2 56. a5 Ka3 57. a6 Kb4 58. a7 Kb5 59. a8=Q 1-0

[Event "Titled Tue 3rd Jan Late"]
[Site "chess.com INT"]
[Date "2025.06.03"]
[Round "9"]
[White "Sanchez Negreiros, Jose Alberto"]
[Black "Dambaev, Dashi"]
[Result "0-1"]
[WhiteTitle "FM"]
[BlackTitle "CM"]
[WhiteElo "2231"]
[BlackElo "2211"]
[WhiteFideId "3851516"]
[BlackFideId "55628494"]
[EventDate "2025.06.03"]

1. Nf3 d5 2. c4 c6 3. g3 Bg4 4. Bg2 Nd7 5. cxd5 cxd5 6. Qb3 Nb6 7. Ne5 Bf5 8.
Qb5+ Bd7 9. Qb3 e6 10. O-O Nf6 11. a4 Bd6 12. Nxd7 Qxd7 13. a5 Nc4 14. Nc3 O-O
15. a6 bxa6 16. Rxa6 Rab8 17. Qa2 Bc5 18. d3 Nd6 19. Bf4 Bb6 20. e4 dxe4 21.
dxe4 Nfe8 22. Rd1 Qe7 23. Qa3 Rd8 24. h4 e5 25. Nd5 Qe6 26. Bg5 f6 27. Bc1 Nc7
28. Nxc7 Bxc7 29. Rxa7 Nb5 30. Rxd8 Nxa3 31. Rxf8+ Kxf8 32. Rxa3 Bd6 33. Rc3 Kf7
34. Kh2 Be7 35. Bf1 Qg4 36. f3 Qd7 37. Bc4+ Kg6 38. Bd5 Qb5 39. Bc4 Qb6 40. Be3
Qxb2+ 41. Bd2 Qxd2+ 42. Kh3 Qxc3 43. Be6 Bc5 44. Kg4 h5+ 45. Kh3 Bf2 0-1

[Event "Titled Tue 3rd Jan Late"]
[Site "chess.com INT"]
[Date "2025.06.03"]
[Round "9"]
[White "Tang, Andrew"]
[Black "Paravyan, David"]
[Result "1-0"]
[WhiteTitle "GM"]
[BlackTitle "GM"]
[WhiteElo "2529"]
[BlackElo "2596"]
[WhiteFideId "2059630"]
[BlackFideId "4194985"]
[EventDate "2025.06.03"]

1. d4 d5 2. Bf4 Bf5 3. c4 Nf6 4. Nf3 e6 5. Qb3 Nbd7 6. e3 Be7 7. h3 O-O 8. Nc3
c5 9. Qxb7 cxd4 10. exd4 dxc4 11. Bxc4 Nb6 12. Bc7 Qc8 13. Ba6 Nfd5 14. Qxc8
Raxc8 15. Bxc8 Rxc8 16. Bxb6 Nxb6 17. O-O Nc4 18. Rac1 Rb8 19. Na4 Rb4 20. b3
Nd6 21. Rc7 Bf6 22. Rxa7 h5 23. Rd1 g5 24. Nc5 g4 25. hxg4 hxg4 26. Ne5 g3 27.
fxg3 Nb5 28. Ra8+ Kg7 29. Ncd7 Nxd4 30. Nxf6 Kxf6 31. Nf3 Nc6 32. Rc8 Ne7 33.
Rc4 Rb7 34. g4 Bg6 35. g5+ Kg7 36. Ne5 Bf5 37. Rd7 Rb5 38. Rxe7 Rxe5 39. Rec7
Re1+ 40. Kf2 Ra1 41. a4 Ra2+ 42. Kf3 Ra3 43. Rc3 e5 44. R7c5 Be6 45. Rxe5 Bxb3
46. Kg3 Kg6 47. Ree3 Rxa4 48. Rxb3 Kxg5 49. Rb5+ Kg6 50. Rf3 Ra7 51. Rbf5 Kg7
52. Kh4 Kg6 53. g4 1-0

[Event "Titled Tue 3rd Jan Late"]
[Site "chess.com INT"]
[Date "2025.06.03"]
[Round "9"]
[White "Blackburn, Jonathan L B"]
[Black "Vazelakis, Dimitrios"]
[Result "1-0"]
[WhiteTitle "FM"]
[WhiteElo "2200"]
[BlackElo "1857"]
[WhiteFideId "1801090"]
[BlackFideId "4203674"]
[EventDate "2025.06.03"]

1. d4 e6 2. c4 f5 3. g3 Nf6 4. Bg2 Be7 5. Nh3 O-O 6. O-O d6 7. Nc3 c6 8. d5 e5
9. Ng5 a5 10. Ne6 Bxe6 11. dxe6 Na6 12. e4 fxe4 13. Nxe4 Nxe4 14. Bxe4 Nc5 15.
Bc2 Nxe6 16. Be3 Bf6 17. Qg4 Nd4 18. Bd3 Qc8 19. Qh5 g6 20. Qd1 Qe6 21. c5 d5
22. Bxd4 exd4 23. Re1 Qf7 24. Qg4 Bg7 25. Re2 Rae8 26. Rae1 Rxe2 27. Rxe2 Re8
28. h4 Rxe2 29. Bxe2 Qe7 30. h5 Kf7 31. hxg6+ hxg6 32. Bd3 Qe1+ 33. Kg2 Qe6 34.
Qf3+ Qf6 35. Qg4 Qe6 36. Qf4+ Qf6 37. Qc7+ Qe7 38. Bxg6+ Kf6 39. Qxe7+ Kxe7 40.
Bf5 Kd8 41. f4 Bf8 42. g4 Bxc5 43. g5 b5 44. g6 Ke7 45. Bd3 Kf6 46. Kf3 a4 47.
b3 axb3 48. a3 1-0

[Event "Titled Tue 3rd Jan Late"]
[Site "chess.com INT"]
[Date "2025.06.03"]
[Round "9"]
[White "Torosyan, Volodya"]
[Black "Khanbutaev, Artemii"]
[Result "1-0"]
[WhiteTitle "CM"]
[WhiteElo "2186"]
[BlackElo "2059"]
[WhiteFideId "13319051"]
[BlackFideId "55747175"]
[EventDate "2025.06.03"]

1. Nf3 Nf6 2. g3 d5 3. Bg2 e6 4. O-O Be7 5. d4 O-O 6. c4 dxc4 7. Qc2 b6 8. Ne5
Qxd4 9. Bxa8 Qxe5 10. Qxc4 Ba6 11. Qc2 Qxe2 12. Qxe2 Bxe2 13. Re1 Bd3 14. Bg2 c5
15. Nc3 c4 16. Bf4 Na6 17. Rad1 Nb4 18. Rd2 Bc5 19. Bf1 Bxf1 20. Kxf1 Nd3 21.
Ree2 Ng4 22. f3 Nxf4 23. gxf4 Ne3+ 24. Ke1 Nf5 25. Re5 Be3 26. Rd7 Bxf4 27. Re4
Bxh2 28. Rxa7 h5 29. Rxc4 h4 30. Ne2 h3 31. Kf2 Bb8 32. Ra3 h2 33. Kg2 Rd8 34.
f4 Rd2 35. Re4 Bxf4 36. Rxf4 Rxe2+ 37. Kh1 g5 38. Rg4 f6 39. Rh3 Rxb2 40. Rxh2
Rb1+ 41. Rg1 Rb4 42. Re1 Kf7 43. Rf2 g4 44. Ref1 Kg6 45. Rf4 Rxf4 46. Rxf4 Kg5
47. Rb4 e5 48. Rxb6 e4 49. a4 e3 50. a5 Kf4 51. a6 e2 52. Rb1 Ne3 53. Re1 Kf3
54. a7 Kf2 55. Rxe2+ Kxe2 56. a8=Q f5 57. Qa2+ Kf3 58. Kg1 f4 59. Qa8+ Kg3 60.
Qh1 Ng2 61. Qxg2+ Kh4 62. Qh2+ Kg5 63. Qh8 Kf5 64. Kf2 Kg5 65. Qh7 Kf6 66. Qh5
g3+ 67. Kf3 Ke6 68. Qg4+ Kd6 69. Qxf4+ Kc6 70. Kg2 1-0

[Event "Titled Tue 3rd Jan Late"]
[Site "chess.com INT"]
[Date "2025.06.03"]
[Round "9"]
[White "Guliev, Gasan"]
[Black "Sharankov, Grigory"]
[Result "0-1"]
[WhiteTitle "CM"]
[BlackTitle "CM"]
[WhiteElo "2123"]
[BlackElo "2238"]
[WhiteFideId "34165638"]
[BlackFideId "4168356"]
[EventDate "2025.06.03"]

1. d4 d5 2. Nf3 Nf6 3. c4 e6 4. Bg5 Nbd7 5. Nc3 Bb4 6. a3 Bxc3+ 7. bxc3 c5 8.
cxd5 exd5 9. e3 Qa5 10. Be2 Qxc3+ 11. Nd2 Ne4 12. Rc1 Qxd2+ 13. Qxd2 Nxd2 14.
Kxd2 c4 15. e4 dxe4 16. Bxc4 O-O 17. Rhe1 Nb6 18. Bb5 f6 19. Bf4 Bf5 20. a4 Rad8
21. Be3 a6 22. a5 Rd5 23. axb6 Rxb5 24. Rc5 Rxc5 25. dxc5 Bd7 26. Kc3 Bc6 27.
Rd1 Kf7 28. h4 Re8 29. Rd6 Re6 30. Rd8 Re7 31. Bf4 Rd7 32. Rc8 Bd5 33. c6 Bxc6
34. Rxc6 bxc6 35. Bc7 Rd3+ 36. Kc2 Rd5 37. b7 Rb5 38. b8=Q Rxb8 39. Bxb8 Ke6 40.
Bf4 Kf5 41. Be3 g5 42. hxg5 fxg5 43. g3 h5 44. Kd2 h4 45. gxh4 gxh4 46. Bc5 h3
47. Bd6 a5 48. Kc3 Kg4 49. Kd4 Kf3 0-1

[Event "Titled Tue 3rd Jan Late"]
[Site "chess.com INT"]
[Date "2025.06.03"]
[Round "9"]
[White "Cernov, Henrik"]
[Black "Pereyra, Horacio"]
[Result "1-0"]
[WhiteTitle "FM"]
[WhiteElo "2325"]
[BlackElo "2133"]
[WhiteFideId "16258312"]
[BlackFideId "113700"]
[EventDate "2025.06.03"]

1. e4 c5 2. Nf3 d6 3. d4 cxd4 4. Nxd4 Nf6 5. Nc3 g6 6. f4 Nbd7 7. Qe2 e5 8. Nf3
Be7 9. Bd2 O-O 10. O-O-O b5 11. fxe5 dxe5 12. Bh6 Qa5 13. Bxf8 Nxf8 14. Kb1 Be6
15. Nd5 Re8 16. Qd3 a6 17. Ng5 Nxd5 18. exd5 Bf5 19. Qg3 Bxc2+ 20. Kxc2 Qxa2 21.
Qc3 Bxg5 22. Be2 b4 23. Qc6 b3+ 24. Kc3 Qa5+ 25. Kxb3 Rb8+ 26. Kc2 Qb4 27. Qc3
Qa4+ 28. b3 Qa2+ 29. Qb2 Rc8+ 30. Bc4 Qa5 31. Kb1 Nd7 32. d6 Bf6 33. Rhf1 Kg7
34. g4 e4 35. Rxf6 Nxf6 36. Rf1 Qd8 37. g5 e3 38. Qxf6+ Qxf6 39. gxf6+ Kh6 40.
Re1 Rc6 41. Rxe3 Rxd6 42. Rf3 Kg5 43. Bxf7 Rxf6 44. Rxf6 Kxf6 45. Bc4 a5 46. Kb2
g5 47. Ka3 h5 48. Ka4 g4 49. Kxa5 Ke5 50. Ba6 h4 51. Bb7 Kf4 52. b4 g3 53. hxg3+
hxg3 54. b5 Ke3 55. b6 Kf2 56. Bc6 g2 57. Bxg2 Kxg2 58. b7 Kh2 59. Ka4 Kg2 60.
Ka3 Kf2 61. Ka2 Ke3 62. b8=R Kd4 63. Rb3 Kc5 64. Rb2 Kc4 65. Ka1 Kc3 66. Kb1 Kd3
67. Rc2 Kd4 68. Kc1 Kd3 69. Kd1 Kd4 70. Rd2+ Ke3 71. Re2+ Kf3 72. Kd2 Kf4 73.
Kd3 Kf3 74. Kd2 Kf4 75. Re3 Kf5 76. Kd3 Kf4 77. Kd4 Kf5 78. Re4 Kf6 79. Re5 Kf7
80. Kd5 Kg6 81. Ke6 Kg7 82. Rg5+ Kh6 83. Kf6 Kh7 84. Rg6 Kh8 85. Kf7 Kh7 86. Rf6
Kh8 87. Rh6# 1-0

[Event "Titled Tue 3rd Jan Late"]
[Site "chess.com INT"]
[Date "2025.06.03"]
[Round "9"]
[White "Thorhallsson, Simon"]
[Black "Hamedi Nia, Vesal"]
[Result "0-1"]
[WhiteTitle "FM"]
[BlackTitle "WIM"]
[WhiteElo "2218"]
[BlackElo "2010"]
[WhiteFideId "2310090"]
[BlackFideId "12542253"]
[EventDate "2025.06.03"]

1. g3 d5 2. Bg2 Nf6 3. d3 c6 4. Nf3 Bf5 5. O-O e6 6. c4 Nbd7 7. cxd5 exd5 8. Nc3
Be7 9. Qc2 O-O 10. e4 Bg6 11. Nh4 dxe4 12. dxe4 Re8 13. Be3 Ng4 14. Nxg6 hxg6
15. Bf4 Qa5 16. h3 Nge5 17. Rfd1 Rad8 18. Rd4 g5 19. Be3 Bc5 20. Ra4 Qb6 21. Re1
Bxe3 22. Rxe3 Nc5 23. Ra3 Nc4 24. Na4 Nxe3 25. Qxc5 Rd1+ 26. Kh2 Qxc5 27. Nxc5
Nxg2 28. Kxg2 b6 29. Nb3 a5 30. Ra4 c5 31. Rc4 f6 32. Kf3 Kf7 33. Rc2 Rd3+ 34.
Ke2 Rd6 35. Nd2 f5 36. f3 g6 37. Kf2 Red8 38. Nc4 Re6 39. exf5 gxf5 40. Ne3 Kf6
41. g4 f4 42. Nf5 Rh8 43. Kg2 Rhe8 44. Kf2 a4 45. Rd2 b5 46. Nd6 R8e7 47. Ne4+
Rxe4 48. fxe4 Rxe4 49. Rd5 Rc4 50. Kf3 Rc2 51. h4 gxh4 52. Kxf4 Rf2+ 53. Ke3
Rxb2 54. Rxc5 h3 55. Rh5 h2 56. Kd4 Rxa2 57. Kc5 Rb2 58. Rf5+ Kg6 59. Rh5 a3 0-1

[Event "Titled Tue 3rd Jan Late"]
[Site "chess.com INT"]
[Date "2025.06.03"]
[Round "9"]
[White "Jagirapu, Harshin Reddy"]
[Black "Zhukovskyi, Oleksandr"]
[Result "0-1"]
[BlackTitle "CM"]
[WhiteElo "2042"]
[BlackElo "2153"]
[WhiteFideId "39910679"]
[BlackFideId "14169371"]
[EventDate "2025.06.03"]

1. e4 Nf6 2. e5 Nd5 3. d4 d6 4. Nf3 dxe5 5. Nxe5 c6 6. Be2 Bf5 7. O-O Nd7 8. Nf3
e6 9. c4 N5f6 10. Nc3 Bd6 11. Nh4 Bg6 12. Bg5 Qc7 13. g3 O-O 14. Nxg6 hxg6 15.
c5 Be7 16. h4 e5 17. b4 Rad8 18. dxe5 Qxe5 19. Qc2 Nd5 20. Bxe7 Nxc3 21. Bf3
Qxe7 22. Qxc3 Nf6 23. Rfe1 Qc7 24. Re2 Rd7 25. Rae1 Rfd8 26. Kg2 Rd4 27. Re7
R8d7 28. R7e5 Rd3 29. Qc4 R7d4 30. Qc2 Qd7 31. Re7 Qf5 32. Qe2 Rd2 33. Qe3 R4d3
34. Be4 Rxe3 35. Bxf5 Rxe1 36. Rxe1 gxf5 37. Re7 Rd7 38. Re5 Nd5 39. Rxf5 Nxb4
40. Re5 Nxa2 41. Re8+ Kh7 42. Ra8 Nc3 43. Re8 Na4 44. Re5 a5 45. Rh5+ Kg6 46.
Rg5+ Kf6 47. f4 Nc3 48. h5 Ne4 49. Re5 Rd2+ 50. Kf3 Nc3 51. g4 Rd3+ 52. Kf2 Nd1+
53. Ke1 Re3+ 54. Kxd1 Rxe5 55. fxe5+ Kxe5 56. g5 Kf5 57. h6 gxh6 58. gxh6 Kg6
59. Kc2 Kxh6 0-1

[Event "Titled Tue 3rd Jan Late"]
[Site "chess.com INT"]
[Date "2025.06.03"]
[Round "9"]
[White "Khodabandeh, Milad"]
[Black "Akhayan, Ruben"]
[Result "1/2-1/2"]
[WhiteTitle "CM"]
[BlackTitle "FM"]
[WhiteElo "1957"]
[BlackElo "2265"]
[WhiteFideId "12538620"]
[BlackFideId "204439"]
[EventDate "2025.06.03"]

1. e4 e5 2. Nf3 Nc6 3. Bb5 a6 4. Bxc6 dxc6 5. O-O f6 6. d4 exd4 7. Nxd4 c5 8.
Ne2 Qxd1 9. Rxd1 Bg4 10. f3 Bd7 11. Nbc3 O-O-O 12. Bf4 Ne7 13. Nd5 Nxd5 14. Rxd5
Be6 15. Rxd8+ Kxd8 16. Rd1+ Kc8 17. Nc3 Be7 18. Nd5 Bxd5 19. Rxd5 Rd8 20. Rxd8+
Kxd8 21. c4 Kd7 22. Kf2 b5 23. b3 c6 24. Ke3 Ke6 25. a4 Bd8 26. g4 Ba5 27. h4
Bc3 28. h5 g6 29. hxg6 hxg6 30. g5 f5 31. Bc7 Bb2 32. f4 Bc1+ 33. Kf3 Bd2 34.
Bb6 Bb4 35. Ke3 Ba3 36. Kd3 Bc1 37. Bc7 Bb2 38. Ke3 Bc1+ 39. Kf3 Bd2 40. Bb6 Bb4
41. Ba7 Ba3 42. Ke3 Bc1+ 43. Kf3 Ba3 44. e5 Bb4 45. Ke3 Ba3 46. Bb6 Bb4 47. Kd3
Ba3 48. Ba5 Bc1 49. axb5 cxb5 50. cxb5 axb5 51. Bd2 Bb2 52. Be3 Kd5 53. Bd2 c4+
54. bxc4+ bxc4+ 55. Kc2 Bd4 56. Bc1 Bc5 57. Kc3 Bd4+ 58. Kc2 Ke6 59. Bd2 Kd5 60.
Bc1 1/2-1/2

[Event "Titled Tue 3rd Jan Late"]
[Site "chess.com INT"]
[Date "2025.06.03"]
[Round "9"]
[White "Rustamov, Rustam"]
[Black "Kleimenov, Nikolay"]
[Result "1-0"]
[WhiteTitle "FM"]
[BlackTitle "CM"]
[WhiteElo "2323"]
[BlackElo "2198"]
[WhiteFideId "13440110"]
[BlackFideId "34414223"]
[EventDate "2025.06.03"]

1. e4 c5 2. Nf3 d6 3. d4 cxd4 4. Nxd4 Nf6 5. Nc3 g6 6. f3 Bg7 7. Be3 O-O 8. Qd2
Nc6 9. g4 Be6 10. h4 d5 11. Nxe6 fxe6 12. O-O-O d4 13. Bxd4 Qxd4 14. Qxd4 Nxd4
15. Rxd4 Nxg4 16. Rd7 Rxf3 17. Be2 Rf4 18. Rxe7 Bxc3 19. bxc3 Rxe4 20. Bf3 Rf4
21. Bxb7 Rb8 22. Rd1 Ne5 23. Ba6 Re4 24. Rxa7 Ra4 25. Rd6 Rxa2 26. Rxe6 Nf3 27.
Kd1 Rb1+ 28. Ke2 Re1+ 29. Kxf3 Rxe6 30. Bc4 Rxa7 31. Bxe6+ Kg7 32. c4 Kf6 33.
Bg8 Ke5 34. Kg4 Rg7 35. Bd5 h6 36. Bg2 Rc7 37. Bd5 Ra7 38. Bg8 Ra8 39. Bf7 Kf6
40. Bd5 Ra2 41. Be4 Ra4 42. Bd3 Rb4 43. Kf4 Ra4 44. Ke4 Ra5 45. Kd4 Rh5 46. c5
Rxh4+ 47. Kd5 Ke7 48. c6 Kd8 49. Bxg6 Rh2 50. Kd6 Rd2+ 51. Bd3 Rf2 52. c7+ Kc8
53. Ba6# 1-0

[Event "Titled Tue 3rd Jan Late"]
[Site "chess.com INT"]
[Date "2025.06.03"]
[Round "9"]
[White "Mekhitarian, Krikor Sevag"]
[Black "Ghoreishi Amiri, Seyed Kian"]
[Result "1-0"]
[WhiteTitle "GM"]
[BlackTitle "CM"]
[WhiteElo "2564"]
[BlackElo "2215"]
[WhiteFideId "2107660"]
[BlackFideId "36757527"]
[EventDate "2025.06.03"]

1. Nf3 Nf6 2. c4 e6 3. Nc3 d5 4. d4 a6 5. cxd5 exd5 6. Bf4 Bd6 7. Bxd6 Qxd6 8.
e3 c6 9. Qb3 O-O 10. Bd3 Re8 11. O-O Nbd7 12. Qc2 Nf8 13. h3 Ng6 14. Rfb1 a5 15.
Na4 Ne4 16. a3 f5 17. Nb6 Rb8 18. b4 axb4 19. axb4 f4 20. Re1 fxe3 21. Rxe3 Qxb4
22. Nxc8 Rbxc8 23. Bxe4 dxe4 24. Rxe4 Rxe4 25. Qxe4 Qd6 26. Ne5 Ne7 27. Nc4 Qf6
28. Ra3 Nd5 29. Rf3 Qe7 30. Ne5 Rf8 31. Rxf8+ Qxf8 32. Qg4 Qe8 33. g3 b5 34. Qf3
Qe6 35. h4 b4 36. Qb3 Qd6 37. Qc4 Kf8 38. Nxc6 Ke8 39. Ne5 Ke7 40. Qb5 Nc7 41.
Qxb4 Qxb4 42. Nc6+ Kd6 43. Nxb4 Nb5 44. Nc2 Kd5 45. Kf1 Kc4 46. Ne3+ Kd3 47. d5
Ke4 48. Ke2 Nc3+ 49. Kd2 Nxd5 50. Nxd5 Kxd5 51. Ke3 Ke5 52. g4 g6 53. f4+ Kd5
54. Kd3 h6 55. Ke3 Ke6 56. Ke4 Kf6 57. Kd5 h5 58. gxh5 gxh5 59. Ke4 Ke6 60. f5+
Kf6 61. Kf4 Kf7 62. Kg5 1-0

[Event "Titled Tue 3rd Jan Late"]
[Site "chess.com INT"]
[Date "2025.06.03"]
[Round "9"]
[White "Yushko, Olga"]
[Black "Shymanskyi, Oleksandr"]
[Result "1-0"]
[WhiteTitle "WFM"]
[BlackTitle "FM"]
[WhiteElo "2036"]
[BlackElo "2218"]
[WhiteFideId "14114500"]
[BlackFideId "14168880"]
[EventDate "2025.06.03"]

1. d4 d5 2. c4 e6 3. cxd5 exd5 4. Nc3 Nf6 5. Bg5 c6 6. e3 Bd6 7. Bd3 O-O 8. Nge2
h6 9. Bh4 Nbd7 10. O-O Re8 11. Re1 Qb6 12. Qc2 a6 13. Rac1 Qd8 14. Qd2 Nf8 15.
f3 Qc7 16. Bg3 Bxg3 17. Nxg3 Qb6 18. Bb1 h5 19. h3 h4 20. Nf1 Ng6 21. Kh1 Qd8
22. e4 dxe4 23. fxe4 Bd7 24. Qg5 Qb6 25. e5 Nd5 26. Qd2 Be6 27. Ne4 Ndf4 28. Ne3
Rad8 29. Nd6 Re7 30. b3 Qc7 31. Nef5 Bxf5 32. Bxf5 Nh5 33. Bxg6 Ng3+ 34. Kg1
fxg6 35. Qg5 Rde8 36. Qxg6 Re6 37. Qb1 Qe7 38. Nf5 Qg5 39. Nxg3 Qxg3 40. Qe4 Rf8
41. Qe3 Qg6 42. Rf1 Rd8 43. Rcd1 Re7 44. Qf4 Rf7 45. Qxh4 Rxf1+ 46. Kxf1 Rf8+
47. Kg1 Qc2 48. Rf1 Rxf1+ 49. Kxf1 Qb1+ 50. Kf2 Qxa2+ 51. Kg1 Qxb3 52. Qd8+ Kh7
53. Qd6 Qd1+ 54. Kh2 Qd2 55. e6 Qe3 56. e7 a5 57. Qe5 Qh6 58. e8=Q Qg6 59. Qxg6+
Kxg6 60. Qc7 Kf6 61. Qxb7 a4 62. Qxc6+ 1-0

[Event "Titled Tue 3rd Jan Late"]
[Site "chess.com INT"]
[Date "2025.06.03"]
[Round "9"]
[White "Tahmasebi, Hamidreza"]
[Black "Zhigalko, Sergei"]
[Result "1/2-1/2"]
[WhiteTitle "FM"]
[BlackTitle "GM"]
[WhiteElo "2298"]
[BlackElo "2572"]
[WhiteFideId "12537527"]
[BlackFideId "13502956"]
[EventDate "2025.06.03"]

1. e4 c5 2. Nf3 Nc6 3. d4 cxd4 4. Nxd4 Nf6 5. Nc3 e5 6. Ndb5 d6 7. Bg5 a6 8. Na3
b5 9. Nd5 Be7 10. Bxf6 Bxf6 11. c3 Bg5 12. Nc2 Ne7 13. a4 bxa4 14. Ncb4 O-O 15.
Bc4 a5 16. Nxe7+ Qxe7 17. Nd5 Qb7 18. h4 Bd8 19. Qe2 Rb8 20. Ra2 Kh8 21. h5 f5
22. exf5 Bxf5 23. O-O Qd7 24. Ne3 Be4 25. Rd1 Bb6 26. Bd5 Bxd5 27. Rxd5 Qf7 28.
c4 Bxe3 29. fxe3 Rb4 30. Ra1 h6 31. Rc1 Qb7 32. Rc2 Qb6 33. Rcd2 Rb3 34. Rxd6
Qxe3+ 35. Qxe3 Rxe3 36. R6d5 Re1+ 37. Kh2 Re4 38. Rc2 Rc8 39. c5 Rc6 40. Rf2
Rh4+ 41. Kg1 Rxh5 42. Rf8+ Kh7 43. Ra8 Rh4 44. Rxa5 Rb4 45. Ra7 Rg6 46. Rdd7
Rxb2 47. c6 Rg5 48. c7 Rc2 49. Rd8 Rgxg2+ 50. Kf1 Rh2 51. Kg1 Rhe2 52. Kf1 Rh2
53. Kg1 Rhg2+ 54. Kf1 Rh2 1/2-1/2